Cimbal – aplikácia na ladenie nástroja

Saved in:
Bibliographic Details
Main Author: Lamačka, Denis (Author)
Other Authors: Bindas, Bystrík (Thesis advisor)
Format: Manuscript Book
Language:Slovak
Published: 2023
Subjects:
Online Access:http://is.stuba.sk/zp/portal_zp.pl?podrobnosti=155045
Tags: Add Tag
No Tags, Be the first to tag this record!

MARC

LEADER 00000ntm a22000003a 4500
001 stuzp92454
003 SK-STU
005 20230909213220.7
007 ta
008 150427s2015----xo-----f-mn---000-0-slo-d
040 |a STU  |b slo 
041 0 |a slo 
100 1 |a Lamačka, Denis  |u 070400  |4 aut  |U FIIT Fakulta informatiky a informačných technológií  |T FIIT Ústav počítačového inžinierstva a aplikovanej informatiky  |X 103021  |U I400  |Y 672  |7 103021 
242 0 1 |a Cimbal - An application for instrument tuning  |y eng 
245 1 0 |a Cimbal – aplikácia na ladenie nástroja 
260 |c 2023 
650 4 |a aplikácia  |2 slo 
650 4 |a ladička  |2 slo 
650 4 |a Android  |2 slo 
650 4 |a cimbal  |2 slo 
650 4 |a YIN  |2 slo 
650 4 |a cimbalom  |2 eng 
650 4 |a Android  |2 eng 
650 4 |a tuner  |2 eng 
650 4 |a YIN  |2 eng 
650 4 |a application  |2 eng 
700 1 |a Bindas, Bystrík  |u 070400  |k Z2  |4 ths  |U FIIT Fakulta informatiky a informačných technológií  |T FIIT Ústav počítačového inžinierstva a aplikovanej informatiky  |X 99233  |U I400  |Y 672  |7 99233 
856 4 |u http://is.stuba.sk/zp/portal_zp.pl?podrobnosti=155045